000 00875cam a22002893a 4500
001 24628
003 PGUSA
005 20140828083529.0
008 080216s2008||||xxu|||||s|||||000 1 eng d
040 _aPGUSA
_beng
042 _adc
050 4 _aPZ
100 1 _aBailey, Arthur Scott,
_d1877-1949
245 1 4 _aThe Tale of Jimmy Rabbit :
_bSleepy-TimeTales
_h[electronic resource] /
_cArthur Scott Bailey
260 _bProject Gutenberg,
_c2008
506 _aPublic domain in the USA.
516 _aElectronic text
653 _aAnimals -- Juvenile fiction
653 _aPicture books for children
653 _aChildren's stories
653 _aConduct of life -- Juvenile fiction
653 _aRabbits -- Juvenile fiction
700 1 _aFagan, Eleanore
830 0 _aProject Gutenberg
_v24628
856 4 0 _uhttp://www.gutenberg.org/ebooks/24628
942 _cEB
999 _c253883
_d253883